000 00489nam a2200193Ia 4500
003 GCL
008 140319s9999 xx 000 0 eng d
040 _aGCL /
_cGCL
082 0 4 _a635.965
_bC C
100 1 _aCONDER, SUSAN
245 1 0 _aCONSERVATORIES AND GARDEN ROOMS /
_cCONDER, SUSAN
700 1 _aJOHNSON, DONOLD
260 _a[S.N] :
_bTIGER BOOKS INTERNATIONAL ،
_c1990
300 _a134
650 0 4 _aDECORATION
650 0 4 _aGARDENS
650 0 4 _aHOUSES
942 _2ddc
_cBK
999 _c17683
_d17683